000 00914nam a22002297a 4500
005 20180705152740.0
010 _a1718EN-30 ENG-116318 B-687444-450
020 _a9780199461158
_c1195.00
035 _aEN-99850
035 _aB-687444-450
037 _bUppal
_adpl
037 _bDBAD/PUB
082 0 4 _a323.154
100 _aShariff, Abusaleh
245 0 4 _aInstitutionalizing constitutional right :
_cby Abusalesh Shariff
_bpost-sachar committee scenario /
260 _aNew Delhi
_bOxford University press
_c2016
270 _aYMCA Library Building,1 Jaisingh Road
_bNew Delhi
_e110001
300 _axxix,483p.
_c23cm(Hb)
500 _aIncludes bibliographical references and index.
942 _2ddc
_cEN
_h323.154
_mSHA
999 _c104300
_d104300